Inside out ; Elementary; Work book with key

保存先:
書誌詳細
第一著者: Philip Kerr
フォーマット: 図書
言語:Undetermined
出版事項: Oxford Macmillan 2003
主題:
タグ: タグ追加
タグなし, このレコードへの初めてのタグを付けませんか!
Thư viện lưu trữ: Trung tâm Học liệu Trường Đại học Cần Thơ
LEADER 00563nam a2200205Ia 4500
001 CTU_65305
008 210402s9999 xx 000 0 und d
020 |b 68000 
082 |a 428.34 
082 |b K23we 
100 |a Philip Kerr 
245 0 |a Inside out ; Elementary; Work book with key 
245 0 |c Philip Kerr, Sue Kay, Vaughan Jones 
260 |a Oxford 
260 |b Macmillan 
260 |c 2003 
650 |a english language 
650 |x textbooks for foreign speakers 
904 |i Năm 
980 |a Trung tâm Học liệu Trường Đại học Cần Thơ